Understanding by Design/ (Record no. 13935)

000 -LEADER
fixed length control field 00740nam a22002177a 4500
008 - FIXED-LENGTH DATA ELEMENTS--GENERAL INFORMATION
fixed length control field 160921b xxu||||| |||| 00| 0 eng d
020 ## - INTERNATIONAL STANDARD BOOK NUMBER
International Standard Book Number 0871203138
020 ## - INTERNATIONAL STANDARD BOOK NUMBER
International Standard Book Number 9780871203137
050 ## - LIBRARY OF CONGRESS CALL NUMBER
Classification number LB 2806.15 .W54 1998
100 ## - MAIN ENTRY--PERSONAL NAME
Personal name Wiggins, Grant
245 ## - TITLE STATEMENT
Title Understanding by Design/
Statement of responsibility, etc. Grant Wiggins and Jay McTighe
260 ## - PUBLICATION, DISTRIBUTION, ETC. (IMPRINT)
Place of publication, distribution, etc. Alexandria:
Name of publisher, distributor, etc. Association for Supervision and Curriculum Development;
Date of publication, distribution, etc. 1998
300 ## - PHYSICAL DESCRIPTION
Extent viii, 207p. :
Other physical details ill. ;
Dimensions 19cm
500 ## - GENERAL NOTE
General note Includes references
650 ## - SUBJECT ADDED ENTRY--TOPICAL TERM
Topical term or geographic name as entry element Curriculum planning
General subdivision United States
650 ## - SUBJECT ADDED ENTRY--TOPICAL TERM
Topical term or geographic name as entry element Curriculum-based assessment
General subdivision United States
650 ## - SUBJECT ADDED ENTRY--TOPICAL TERM
Topical term or geographic name as entry element Learning
650 ## - SUBJECT ADDED ENTRY--TOPICAL TERM
Topical term or geographic name as entry element Comprehension
700 ## - ADDED ENTRY--PERSONAL NAME
Personal name McTighe, Jay
942 ## - ADDED ENTRY ELEMENTS (KOHA)
Source of classification or shelving scheme
Koha item type Hard Covered Materials
Classification part LB 2806.15 .W54 1998
Holdings
Withdrawn status Lost status Source of classification or shelving scheme Damaged status Not for loan Home library Current library Shelving location Date acquired Source of acquisition Total Checkouts Full call number Barcode Date last seen Price effective from Koha item type
          MACHAKOS UNIVERSITY LIBRARY MACHAKOS UNIVERSITY LIBRARY Open shelf 21/09/2016 Donation (BFA)   LB 2806.15 .W54 1998 21732 21/09/2016 21/09/2016 Hard Covered Materials
© Machakos University Library, Along The Highway, Machakos Wote Rd, Machakos, Kenya P.O. Box 136 - 90100 Machakos - Kenya

Tel: ( +254 ) 723 805829 OR Fax : 044-20353 OR Email: library@mksu.ac.ke